| Tag |
First Indicator |
Second Indicator |
Subfields |
| LEADER |
00000cam a2200000ua 4500 |
| 001 |
in00003883721 |
| 005 |
20190416170605.0 |
| 006 |
m o d |
| 007 |
cr |n||||||||n |
| 008 |
940317s1798 enk o 000 0 eng c |
| 035 |
|
|
|a (CU-RivES)T300593
|
| 035 |
|
|
|a (Uk-ES)006208283
|
| 035 |
|
|
|a (OCoLC)510816880
|
| 040 |
|
|
|a Uk-ES
|c Uk-ES
|d Cengage Gale
|d UtOrBLW
|
| 245 |
0 |
4 |
|a The Last dying speech and confession of all the malefactors executed this day at Kennington Common.
|
| 264 |
|
3 |
|a [London] :
|b [Printed and sold in London],
|c [1798]
|
| 300 |
|
|
|a 1 online resource (8 pages) :
|b 1 illustrations ;
|
| 336 |
|
|
|a text
|b txt
|2 rdacontent
|
| 337 |
|
|
|a computer
|b c
|2 rdamedia
|
| 338 |
|
|
|a online resource
|b cr
|2 rdacarrier
|
| 500 |
|
|
|a Woodcut on title page.
|
| 500 |
|
|
|a Contains an account of the executions of John Alison and William Hill, which took place in August (17th?) 1798
|
| 500 |
|
|
|a Date from Times Index
|
| 509 |
|
|
|a Oxford CD-ROM ID number: UkOxUb10953417
|
| 510 |
4 |
|
|a English Short Title Catalog,
|c T300593.
|
| 500 |
|
|
|a Reproduction of original from Bodleian Library (Oxford).
|
| 500 |
|
|
|a Electronic resource.
|
| 600 |
1 |
0 |
|a Alison, John,
|d -1798
|x Death and burial.
|
| 600 |
1 |
0 |
|a Hill, William,
|d -1798
|x Death and burial.
|
| 650 |
|
0 |
|a Chapbooks, English
|x Specimens.
|
| 650 |
|
0 |
|a Executions and executioners
|z England
|z London.
|
| 655 |
|
7 |
|a Electronic books.
|2 local
|
| 710 |
2 |
|
|a Gale (Firm)
|0 http://id.loc.gov/authorities/names/no2008071348
|
| 752 |
|
|
|a Great Britain
|b England
|d London.
|
| 856 |
4 |
0 |
|u http://proxy.library.tamu.edu/login?url=http://find.galegroup.com/ecco/infomark.do?contentSet=ECCOArticles&docType=ECCOArticles&bookId=1712201200&type=getFullCitation&tabID=T001&prodId=ECCO&docLevel=TEXT_GRAPHICS&version=1.0&source=library&userGroupName=txshracd2898
|z Connect to the full text of this electronic book
|t 0
|
| 999 |
f |
f |
|s c8dbfd50-03b0-34a2-9a7f-69c32f3afc1a
|i 608ced7c-381a-35d4-82c6-3fcad0b1ef95
|t 0
|
| 952 |
f |
f |
|a Texas A&M University
|b College Station
|c Electronic Resources
|d Available Online
|t 0
|h No information provided
|
| 998 |
f |
f |
|t 0
|l Available Online
|